Biblioteca

La esclavitud en América : (Registro nro. 51985)

Detalles MARC
000 -LÍDER
Campo fijo de descripción fija 01138aab a2200193 i 4500
001 - NÚMERO DE CONTROL
Campo de control 768714001
003 - IDENTIFICADOR DEL NÚMERO DE CONTROL
Campo de control CO-MdFUSB
005 - FECHA Y HORA DE LA ULTIMA TRANSACCIÓN
control field 20240320121427.0
008 - ELEMENTOS DE LONGITUD FIJA -- INFORMACIÓN GENERAL
Campo fijo de descripción fija -- Información general 240318t1992 ag ||||| |||| 00| 0 spa d
040 ## - FUENTE DE CATALOGACIÓN
Idioma de catalogación spa
Agencia que realiza la transcripción CO-MdFUSB
041 ## - CÓDIGO DE IDIOMA
Código de idioma para texto/pista de sonido o título separado spa
100 1# - ASIENTO PRINCIPAL--NOMBRE PERSONAL
Nombre personal Roberts, J. Deotis
Término relacionador autor
245 13 - TÍTULO
Título La esclavitud en América :
Subtitulo consecuencias económicas, culturales y religiosas
Mención de responsabilidad / J. Deotis Roberts
300 ## - DESCRIPCIÓN FÍSICA
Extensión Volumen 12, número 1 (enero - marzo, 1993), páginas: 6 - 9
Dimensiones ; 27 cm
520 ## - NOTA DE RESUMEN, ETC.
Nota de sumario, etc. Este estudio comparativo de la esclavitud en las Américas es informativo:<br/>La esclavitud expresa mucho acerca del pecado personal, pero también muestra el pecado colectivo. Este pecado fue transaccional. Es difícil entender que naciones llamadas equívocamente cristianas participaron en la venta de seres humanos como si fueran animales.<br/>Si los crímenes de la historia, como la esclavitud y el holocausto se olvidan, habrá una terrible posibilidad de que se repíta.
653 ## - TÉRMINO DE INDIZACIÓN - NO CONTROLADO
Término no controlado Esclavitud
773 0# - ASIENTO DE ITEM FUENTE
Título Iglesia y Misión
Biblionumber 49402
Itemnumber 59656
Parte(s) relacionada(s) / Volumen., número. (mes año), páginas Volumen 12, número 1 (enero - marzo, 1993), páginas: 6 - 9
Enumeración y primera página páginas: 6
942 ## - TIPO DE MATERIAL (KOHA)
Tipo de Item KOHA Artículos de Revista

No hay ítems disponibles.

Biblioteca FUSBC | Teléfono: (57+4) 349 88 10 Ext. 141| WhatsApp (+57) 3005338115 
E-mail: biblioteca@unisbc.edu.co | Calle 76 87-14 Robledo Palenque, Medellín, Colombia

Con tecnología Koha